<?xml version="1.0" encoding="UTF-8"?><?xml-stylesheet type="text/xsl" href="static/style.xsl"?><OAI-PMH xmlns="http://www.openarchives.org/OAI/2.0/" xmlns:xsi="http://www.w3.org/2001/XMLSchema-instance" xsi:schemaLocation="http://www.openarchives.org/OAI/2.0/ http://www.openarchives.org/OAI/2.0/OAI-PMH.xsd"><responseDate>2026-04-13T13:33:41Z</responseDate><request verb="GetRecord" identifier="oai:www.recercat.cat:2117/174330" metadataPrefix="marc">https://recercat.cat/oai/request</request><GetRecord><record><header><identifier>oai:recercat.cat:2117/174330</identifier><datestamp>2025-07-23T01:51:06Z</datestamp><setSpec>com_2072_1033</setSpec><setSpec>col_2072_452951</setSpec></header><metadata><record xmlns="http://www.loc.gov/MARC21/slim" xmlns:dcterms="http://purl.org/dc/terms/" xmlns:xsi="http://www.w3.org/2001/XMLSchema-instance" xmlns:doc="http://www.lyncode.com/xoai" xsi:schemaLocation="http://www.loc.gov/MARC21/slim http://www.loc.gov/standards/marcxml/schema/MARC21slim.xsd">
   <leader>00925njm 22002777a 4500</leader>
   <datafield ind2=" " ind1=" " tag="042">
      <subfield code="a">dc</subfield>
   </datafield>
   <datafield ind2=" " ind1=" " tag="720">
      <subfield code="a">Durbán García, Salvador</subfield>
      <subfield code="e">author</subfield>
   </datafield>
   <datafield ind2=" " ind1=" " tag="260">
      <subfield code="c">2019-02-04</subfield>
   </datafield>
   <datafield ind2=" " ind1=" " tag="520">
      <subfield code="a">En un entorno industrial sumamente competitivo y cada vez más cambiante, las empresas de la&#xd;
automoción se enfrentan a grandes retos tecnológicos. El presente estudio nace con la voluntad de&#xd;
ofrecer una propuesta de mejora de la instrumentación actual para el centro técnico de una de las&#xd;
principales empresas del sector de la automoción en Barcelona.&#xd;
En primer lugar, se realiza una aproximación a las actividades del departamento, fundamentalmente,&#xd;
los ensayos en banco, así como una evaluación de los equipos electrónicos existentes. A&#xd;
continuación, el segundo capítulo comprende la parte más analítica del estudio, en la cual se detallan&#xd;
las fortalezas y debilidades de cada uno de los equipos. Igualmente en este capítulo, se ha&#xd;
desarrollado una serie de indicadores (conectividad, compatibilidad, rendimiento y eficacia) que&#xd;
permitirán conocer las verdaderas limitaciones de los equipos actuales y ayudarán a presentar la&#xd;
propuesta de mejora en base a estos mismos criterios.&#xd;
Una vez conocidas las fortalezas y debilidades de la instrumentación del departamento, a&#xd;
continuación, se presenta una propuesta de renovación que permita mejorar la eficiencia del&#xd;
departamento y la competitividad general del centro técnico.&#xd;
Los resultados obtenidos en el estudio ponen de manifiesto la necesidad de renovar la&#xd;
instrumentación del departamento para hacerlo más competitivo y adaptarlo al siglo XXI. Además de&#xd;
la propuesta de renovación será necesario también seguir unos hábitos de mantenimiento periódico&#xd;
con el fin de disponer de una instrumentación en funcionamiento el máximo tiempo posible.</subfield>
   </datafield>
   <datafield tag="653" ind2=" " ind1=" ">
      <subfield code="a">Àrees temàtiques de la UPC::Enginyeria electrònica</subfield>
   </datafield>
   <datafield tag="653" ind2=" " ind1=" ">
      <subfield code="a">Automobile industry and trade</subfield>
   </datafield>
   <datafield tag="653" ind2=" " ind1=" ">
      <subfield code="a">Automòbils -- Indústria i comerç</subfield>
   </datafield>
   <datafield ind2="0" ind1="0" tag="245">
      <subfield code="a">Estudio de viabilidad para la renovación y actualización de los equipos electrónicos de una empresa del sector automovilístico</subfield>
   </datafield>
</record></metadata></record></GetRecord></OAI-PMH>